Mohs'sche Härteskala Minerale - Statistiken

Allgemein
  • Dieses Quiz wurde 37 mal gespielt
  • Das Durchschnittsergebnis liegt bei 5 aus 10
Antwortstatistiken
Härte Antwort % Korrekt
10 Diamant
100%
7 Quarz
74%
9 Korund
63%
1 Talk
59%
3 Calcit
52%
2 Gips
52%
4 Fluorit
41%
5 Apatit
37%
8 Topaz
33%
6 Orthoklas
26%
Keine übereinstimmenden Quizze gefunden
Verteilung der Resultate
Anzahl Personen mit jedem Resultat
Perzentil nach korrekt beantworteten Fragen
Ihre Resultats-Entwicklung
Sie haben dieses Quiz noch nicht gespielt